00561nam a2200193Ia 4500008004100000020001500041082001700056100002600073245003300099250000800132260002800140300001100168500002400179650001200203700002400215942000700239952010600246999001500352230524s9999 xx 000 0 und d a8173193797 a658.123bMIS aJibitesh Mishra95154 0aDesign of Information System a1ST aNEW DELHIbNarosac2000 aIX;291 aQuantity Number: 1 aComp-Sc aAshok Mohanty95155 cBK 00104070aTATCLbTATCLcGENd2023-05-24l0o658.123 MISp6338r2023-05-24w2023-05-24yBKzBCSE3202 c7203d7203